| 000 | 00672nam a2200253Ia 4500 | ||
|---|---|---|---|
| 001 | 51609 | ||
| 005 | 20240114005233.0 | ||
| 007 | ta | ||
| 008 | 091029s1999 g b000 u 465 u | ||
| 020 | _a0-7486-1362-5 | ||
| 040 | _aCotton College | ||
| 041 | _a465 | ||
| 082 |
_a824 _bGa 212 La |
||
| 100 | _aGaskel, Philip . | ||
| 245 | 0 |
_aLandmarks In Classical Literature / _cPhilip Gaskel. _hTextual Documents |
|
| 250 | _a1st ed. / | ||
| 260 |
_aEdinburgh : _bEdinburgh University Press , _c1999. |
||
| 300 | _a227 ; | ||
| 504 | _aIndex | ||
| 653 | _aLiterature-Classical,Ancient Literature | ||
| 942 |
_2ddc _cBK |
||
| 999 |
_c51574 _d51574 |
||